00237nam a22000857a 4500008004100000082002100041245004600062260003400108300000900142230704b xxu||||| |||| 00| 0 eng d a341.08bTIT 1960 aSurvey of International Affairs 1955-1956 bOxford University Pressc1960 a327p